1819 1326 1747 1334 1551 1912 1102 1957 1053 1279 1301 1792 1863 1803 1378 1750 1433 1710 1140 1070 1608 1878 1477 1672 1989 1189 1050 1278 1857 1905 1869 1431 1731 1482 1184 1562 1534 1503 1273 1541 1126 1550 1711 1089 1909 1802 1649 1078 1374 1250 1112 1351 1251 1657 1028 1786 1929 1332 1163 1206 1416 1849 1241 1444 1487 1174 1507 1245 1379 1282 1099 1563 1403 1667 1317 1638 1881 1798 1414 1738 1938 1500 1438 1202 1647 1224 1552 1775 1683 1521 1314 1734 1646 1318 1775 1961 1969 1156 1205 BCNSPRNW ULIB Ver.6.0+V

เปลี่ยนเป็นภาษาไทย

Change to English
 แสดงรายละเอียดบรรณานุกรม
  กลับหน้าหลัก

Brief Record : Get Marc (ISO 2709) : E-mail record : QR code < ปิดหน้าต่าง
LEADER : 00000nam 2200000uu 4500
001    13399122590
003     ULIB
008    130808s2551||||th 000 0 tha d
020    ^a97897495576518
060  4 ^aW13^bว585พ
100 0  ^aวิทย์ เที่ยงบูรณธรรม
245 10 ^aพจนานุกรมวิทยาศาสตร์การแพทย์ =^bMedical sciences Dictionary/^cวิทย์ เที่ยงบูรณธรรม
246 31 ^aMedical sciences Dictionary
250    พิมพ์ครั้งที่39
260    ^aกรุงเทพฯ :^bรวมสาส์น,^c2551
300    ^a1288 หน้า
650  7 ^aศัพท์วิทยาศาสตร์การแพทย์
650  7 ^aวิทยาศาสตร์แพทย์^xพจนานุกรม
945    ^p290^l0^i20035
945    ^p290^l0^i20036
995    ^aทศพร
999    ^aทศพร เกษรทอง
รายการนี้ยังไม่มีแท็ก
คุณยังไม่ได้ล็อกอิน คุณสามารถมีกิจกรรมร่วมกับเว็บไซต์ได้ แต่ต้องล็อกอินก่อน ::
  ล็อกอิน

รายการสื่อสารสนเทศ

ลำดับที่ ประเภท เลขเรียก/บาร์โค้ด สถานที่ สถานะ
1. วิทยาศาสตร์การแพทย์ และสุขภาพ
วิทยาศาสตร์การแพทย์ และสุขภาพ
W13 ว585พ ฉ.1 
  Barcode: 20035
ห้องสมุดวิทยาเขตสวรรค์ประชารักษ์
►หนังสือทั่วไป
บนชั้น
2. วิทยาศาสตร์การแพทย์ และสุขภาพ
วิทยาศาสตร์การแพทย์ และสุขภาพ
W13 ว585พ ฉ.2 
  Barcode: 20036
ห้องสมุดวิทยาเขตสวรรค์ประชารักษ์
►หนังสือทั่วไป
บนชั้น

รายการใกล้เคียง
    ผู้แต่ง [วิทย์ เที่ยงบูรณธรรม]

    หัวเรื่อง [ศัพท์วิทยาศาสตร์การแพทย์]

BibComment


ยังไม่เคยถูกคอมเมนท์

คอมเมนท์ทรัพยากรรายการนี้
  คอมเมนท์: พจนานุกรมวิทยาศา..


 Copyright 2026. Bcnsprnw @Library